Chicago Cubs Batting Season Leaders - Statistics

General Stats
  • This quiz has been taken 188 times
  • The average score is 14 of 40
Answer Stats
Answer % Correct
Kris Bryant
93%
Anthony Rizzo
89%
Sammy Sosa
88%
Ryne Sandberg
83%
Derrek Lee
70%
Andre Dawson
69%
Mark Grace
56%
Aramis Ramirez
55%
Dexter Fowler
50%
Moises Alou
50%
Alfonso Soriano
48%
Starlin Castro
45%
Dwight Smith
38%
Shawon Dunston
36%
Leon Durham
35%
Ron Cey
34%
Bill Buckner
33%
Jody Davis
32%
Lance Johnson
29%
Ryan Theriot
29%
Jerome Walton
27%
Juan Pierre
26%
Keith Moreland
23%
Bobby Dernier
22%
Corey Patterson
18%
Eric Young
17%
Jerry Martin
17%
Ivan De Jesus
16%
Mark Grudzielanek
16%
Michael Barrett
16%
Rafael Palmeiro
15%
Carlos Pena
14%
Welington Castillo
14%
Brian McRae
12%
Tony Campana
11%
Emilio Bonifacio
7%
Jerry Mumphrey
7%
Tom Goodwin
7%
Ced Landrum
6%
Bump Willis
4%
No matching quizzes found
Score Distribution
Percent of People with Each Score
Percentile by Number Answered
Your Score History
You have not taken this quiz